Krizová ekonomie budoucnost finančnictví v kostce

Salvato in:
Dettagli Bibliografici
Autore principale: Roubini, Nouriel
Altri autori: Mihm, Stephen, Vránová, Daniela
Natura: Libro
Lingua:ceco
Pubblicazione: Praha Grada Publishing 2011
Serie:Finanční řízení
Soggetti:
Tags: Aggiungi Tag
Nessun Tag, puoi essere il primo ad aggiungerne!!

MARC

LEADER 00000nam a2200000 4500
001 0144809
005 20240313085947.4
020 |a 978-80-247-4102-4 
041 0 |a cze 
044 |a CZ 
245 1 0 |a Krizová ekonomie  |b budoucnost finančnictví v kostce  |c Nouriel Roubini, Stephen Mihm ; překlad: Daniela Vránová 
264 1 |a Praha  |b Grada Publishing  |c 2011 
300 |a 295 s. 
490 1 |a Finanční řízení 
830 0 |a Finanční řízení 
610 2 0 |a kríza finančná 
610 2 0 |a kríza hospodárska 
610 2 0 |a banky 
610 2 0 |a prognózy 
610 2 0 |a problémy globálne 
610 2 0 |a politika finančná 
610 2 0 |a politika hospodárska 
610 2 0 |a hospodárstvo svetové 
610 2 0 |a USA 
100 1 |a Roubini, Nouriel 
700 1 |a Mihm, Stephen 
700 1 |a Vránová, Daniela